Creative illustration & beyond / (Record no. 159422)
[ view plain ]
| 000 -LEADER | |
|---|---|
| fixed length control field | 01176cam a2200325 i 4500 |
| 001 - CONTROL NUMBER | |
| control field | vtls003262642 |
| 003 - CONTROL NUMBER IDENTIFIER | |
| control field | MY-SjTCS |
| 005 - DATE AND TIME OF LATEST TRANSACTION | |
| control field | 20200226120130.0 |
| 008 - FIXED-LENGTH DATA ELEMENTS--GENERAL INFORMATION | |
| fixed length control field | 150102t20132013caua 000 0 eng d |
| 020 ## - INTERNATIONAL STANDARD BOOK NUMBER | |
| International Standard Book Number | 9781600583728 (paperback) |
| 020 ## - INTERNATIONAL STANDARD BOOK NUMBER | |
| International Standard Book Number | 1600583725 (paperback) |
| 039 #9 - LEVEL OF BIBLIOGRAPHIC CONTROL AND CODING DETAIL [OBSOLETE] | |
| Level of rules in bibliographic description | 201809071335 |
| Level of effort used to assign nonsubject heading access points | VLOAD |
| Level of effort used to assign subject headings | 201504111614 |
| Level of effort used to assign classification | pushpa |
| -- | 201501021217 |
| -- | malathy |
| 040 ## - CATALOGING SOURCE | |
| Description conventions | rda |
| 082 04 - DEWEY DECIMAL CLASSIFICATION NUMBER | |
| Classification number | 741.2 |
| Item number | COR 2013 |
| 100 1# - MAIN ENTRY--PERSONAL NAME | |
| Personal name | Corfee, Stephanie, |
| Dates associated with a name | 1974- |
| 9 (RLIN) | 73877 |
| 245 10 - TITLE STATEMENT | |
| Title | Creative illustration & beyond / |
| Statement of responsibility, etc. | by Stephanie Corfee. |
| 246 3# - VARYING FORM OF TITLE | |
| Title proper/short title | Creative illustration and beyond |
| 264 #1 - PRODUCTION, PUBLICATION, DISTRIBUTION, MANUFACTURE, AND COPYRIGHT NOTICE | |
| Place of production, publication, distribution, manufacture | Irvine, CA : |
| Name of producer, publisher, distributor, manufacturer | Walter Foster Publishing, |
| Date of production, publication, distribution, manufacture, or copyright notice | [2013] |
| 264 #4 - PRODUCTION, PUBLICATION, DISTRIBUTION, MANUFACTURE, AND COPYRIGHT NOTICE | |
| Date of production, publication, distribution, manufacture, or copyright notice | ©2013 |
| 300 ## - PHYSICAL DESCRIPTION | |
| Extent | 144 pages : |
| Other physical details | illustrations (some color) ; |
| Dimensions | 30 cm |
| 336 ## - CONTENT TYPE | |
| Content type term | text |
| Source | rdacontent |
| 336 ## - CONTENT TYPE | |
| Content type term | still image |
| Source | rdacontent |
| 337 ## - MEDIA TYPE | |
| Media type term | unmediated |
| Source | rdamedia |
| 338 ## - CARRIER TYPE | |
| Carrier type term | volume |
| Source | rdacarrier |
| 500 ## - GENERAL NOTE | |
| General note | "Inspiring tips, techniques, and ideas for transforming doodled designs into whimsical artistic illustrations and mixed media projects"--Cover page |
| 650 #0 - SUBJECT ADDED ENTRY--TOPICAL TERM | |
| Topical term or geographic name entry element | Drawing |
| General subdivision | Technique. |
| 9 (RLIN) | 9441 |
| 650 #0 - SUBJECT ADDED ENTRY--TOPICAL TERM | |
| Topical term or geographic name entry element | Doodles. |
| 650 #0 - SUBJECT ADDED ENTRY--TOPICAL TERM | |
| Topical term or geographic name entry element | Mixed media painting |
| General subdivision | Technique. |
| 920 ## - Programme | |
| Programme | SABD : 217801 |
| Withdrawn status | Lost status | Source of classification or shelving scheme | Damaged status | Not for loan | Home library | Current library | Date acquired | Cost, normal purchase price | Total Checkouts | Barcode | Date last seen | Date last checked out | Copy number | Uniform Resource Identifier | Cost, replacement price | Koha item type | Public note |
|---|---|---|---|---|---|---|---|---|---|---|---|---|---|---|---|---|---|
| Dewey Decimal Classification | Taylor's Library-TU | Taylor's Library-TU | 20/01/2015 | 60.00 | 7 | 5000155257 | 27/09/2023 | 14/09/2023 | 1 | Floor 4, Shelf 31 , Side 2, TierNo 2, BayNo 8 | 60.00 | Main Collection | SABDx,27000,03,CL|SOCxx,91603,03,RM|SOCxx,37000,03,RA|SOCxx,91604,03,AD|SOCxx,37003,03,AD|SOCxx,91605,03,AD|SOCxx,37001,03,AD |